|
|
|
|
| LEADER |
00000nam0a2200000 4500 |
| 001 |
268001 |
| 005 |
20231101234129.0 |
| 035 |
|
|
|a (RuTPU)RU\TPU\book\291128
|
| 090 |
|
|
|a 268001
|
| 100 |
|
|
|a 20140825d1963 km y0rusy50 ca
|
| 101 |
0 |
|
|a rus
|
| 102 |
|
|
|a RU
|
| 105 |
|
|
|a a oz 001zy
|
| 200 |
1 |
|
|a Расчет неустановившегося температурного режима в пластине с помощью графиков
|f А. И. Пехович, В. М. Жидких
|g Всесоюзный научно-исследовательский институт гидротехники
|
| 210 |
|
|
|a Москва
|a Ленинград
|c Госэнергоиздат
|d 1963
|
| 215 |
|
|
|a 145 с.
|c ил.
|
| 320 |
|
|
|a Библиогр.: с.144 (11 назв.).
|
| 606 |
1 |
|
|a Пластины
|x Температурный режим
|2 stltpush
|3 (RuTPU)RU\TPU\subj\49048
|9 67859
|
| 610 |
1 |
|
|a расчеты
|
| 610 |
1 |
|
|a графики
|
| 610 |
1 |
|
|a обратные задачи
|
| 610 |
1 |
|
|a теплопроводность
|
| 610 |
1 |
|
|a таблицы
|
| 675 |
|
|
|a 536.5
|v 3
|
| 700 |
|
1 |
|a Пехович
|b А. И.
|g Альберт Израилевич
|
| 701 |
|
1 |
|a Жидких
|b В. М.
|g Виктор Михайлович
|
| 712 |
0 |
2 |
|a Всесоюзный научно-исследовательский институт гидротехники
|2 stltpush
|3 (RuTPU)RU\TPU\col\11485
|
| 801 |
|
1 |
|a RU
|b 63413507
|c 20140825
|
| 801 |
|
2 |
|a RU
|b 63413507
|c 20171222
|g RCR
|
| 942 |
|
|
|c BK
|